000 01915cam a22005894i 4500
003 PE-LiUPU
005 20250731170500.0
008 150616s1985 mx r 000 0 spa d
020 _a9686600345
020 _a9789686600346
035 _a(Sirsi) i9789686600346
040 _aPE-LiUPU
_bspa
_cPE-LiUPU
_dPE-LiUPU
_erda
049 _aPRUA
082 0 4 _a158.7301
_bF34
_221
100 1 _aFeinberg, Mortimer R.,
_eautor.
245 1 0 _aPsicología Efectiva Para Directores y Jefes /
_cMortimer R. Feinberg.
264 1 _aMéxico :
_bEditorial Hispano Europea,
_c1985.
300 _a242 páginas ;
_c21 centímetros
336 _atext
_2rdacontent
337 _aunmediated
_2rdamedia
338 _avolume
_2rdacarrier
505 0 _a10 problemas delicados de un jefe --Sea objetivo acerca de su capacidad directiva --Control y utilización de su energía ejecutiva --Como motivar a los subordinados --Etc.
526 _aSEG68
526 _aSEG70
526 _aSEG69
526 _aSEG67
526 _aSEG43
526 _aP144
526 _aP143
526 _aP131
526 _aP122
526 _aP120
526 _aP117
526 _aP112
526 _aP110
526 _aP106
526 _aP101
526 _aP80
526 _aP59
526 _aP54
526 _aP35
526 _aP33
526 _aP30
650 0 4 _aPsicología industrial.
_9346
910 _ajck
_bjvq
_cjck
942 _2ddc
_cBOOK
949 _a158.7301 F34
_wDEWEY
_c1
_i33972
_lCCODEBUL1
_mBUL
_r0
_sY
_tBOOK
_u2015-6-16
_xSALUD
_zUNKNOWN
_0COMPRA
_o.STAFF. Colección Ciencias de la Salud
994 _aC0
_bPEPRU
596 _a1
999 _a158.7301 F34
_wDEWEY
_c60470
_i33972
_e2017-5-22
_f2021-11-3
_g5
_lCCODEBUL1
_mBUL
_n1
_p15.00
_r0
_sY
_tBOOK
_u2015-6-16
_xSALUD
_zUNKNOWN
_0COMPRA
_o.STAFF. Colección Ciencias de la Salud
_d60470
980 _81
_gALBERTO SANCHEZ Responsable de Automatización